Soils and rock instrumentation, behavior, and modeling : (Record no. 2302)
[ view plain ]
| 000 -LEADER | |
|---|---|
| fixed length control field | 00760 a2200157 4500 |
| 020 ## - INTERNATIONAL STANDARD BOOK NUMBER | |
| International Standard Book Number | 9780784410462 |
| 020 ## - INTERNATIONAL STANDARD BOOK NUMBER | |
| International Standard Book Number | 0784410461 |
| 082 ## - DEWEY DECIMAL CLASSIFICATION NUMBER | |
| Classification number | 624.151 GE |
| 245 ## - TITLE STATEMENT | |
| Title | Soils and rock instrumentation, behavior, and modeling : |
| Remainder of title | selected papers from the 2009 GeoHunan International Conference, August 3-6, 2009, Changsha, Hunan, China / |
| Statement of responsibility, etc. | hosted by Changsha University of Science and Technology, China ; co-sponsored by ASCE Geo-Institute, USA ... [et al.] ; edited by Louis Ge ... [et al.]. |
| 260 ## - PUBLICATION, DISTRIBUTION, ETC. | |
| Place of publication, distribution, etc. | Reston, Va. : |
| Name of publisher, distributor, etc. | Geo Institute, American Society of Civil Engineers, |
| Date of publication, distribution, etc. | 2009. |
| 300 ## - PHYSICAL DESCRIPTION | |
| Extent | x, 109 p. : |
| Other physical details | ill. ; |
| Dimensions | 22 cm. |
| 650 ## - SUBJECT ADDED ENTRY--TOPICAL TERM | |
| Topical term or geographic name entry element | Road materials |
| 650 ## - SUBJECT ADDED ENTRY--TOPICAL TERM | |
| Topical term or geographic name entry element | Soils |
| 650 ## - SUBJECT ADDED ENTRY--TOPICAL TERM | |
| Topical term or geographic name entry element | Engineering geology |
| General subdivision | Instruments |
| 650 ## - SUBJECT ADDED ENTRY--TOPICAL TERM | |
| Topical term or geographic name entry element | Pavements |
| 830 #0 - SERIES ADDED ENTRY--UNIFORM TITLE | |
| Uniform title | Geotechnical special publication ; |
| Withdrawn status | Lost status | Damaged status | Not for loan | Permanent Location | Current Location | Shelving location | Date acquired | Total Checkouts | Full call number | Barcode | Date last seen | Price effective from | Koha item type |
|---|---|---|---|---|---|---|---|---|---|---|---|---|---|
| School of Civil and Environmental Engineering (SCEE) | School of Civil and Environmental Engineering (SCEE) | 624.151 GE | NIT-7098 | 01/05/2017 | 01/05/2017 | Book |
